000 00569nam a2200241Ia 4500
003 OSt
005 20221007115526.0
006 a|||||r|||| 00| 0
007 ta
008 221006b |||||||| |||| 00| 0 eng d
024 _a37,337
037 _cTextual
040 _aLCO
_cLCO
_beng
041 _2eng
_aeng
082 _aZ2,8,53, Q0
100 _aA\MORTIMER (Jhon)
_9709712
245 0 _aDevil's Advocate
250 _a2 nd
260 _c2000
300 _a326
942 _hZ2,8,53, Q0
_cTEXL
999 _c1206900
_d1206900